[Event "Cto Aragon Equipos 2025 - Preferente"]
[Site "Aragon"]
[Date "2025.01.25"]
[Round "1.46"]
[White "Gomez Salinas, Nestor"]
[Black "Labrador Postigo, Francisco M."]
[Result "1-0"]
[WhiteElo "1978"]
[BlackElo "1868"]
[PlyCount "61"]
[GameId "2147807423761391"]
[EventDate "2025.01.25"]
[EventCountry "ESP"]
[WhiteTeam "Palacio De Pioneros B"]
[BlackTeam "El Olivar C"]

1. e4 c6 2. Nc3 d5 3. Nf3 dxe4 4. Nxe4 Nf6 5. Ng3 Nbd7 6. d4 e6 7. Bd3 Bd6 8. Ng5 O-O 9. N5e4 Be7 10. O-O b6 11. Qf3 Bb7 12. Rd1 Qc8 13. Bg5 c5 14. Bxf6 Nxf6 15. dxc5 bxc5 16. c3 Nxe4 17. Bxe4 Bxe4 18. Nxe4 Rb8 19. Qe2 Qc6 20. Rd2 f5 21. Nd6 Rf6 22. Nc4 Qe4 23. Qxe4 fxe4 24. Re1 Rf4 25. g3 Rf3 26. Rxe4 Bg5 27. Rde2 Rd8 28. Rxe6 h6 29. Re8+ Rxe8 30. Rxe8+ Kh7 31. Re5 1-0

[Event "Cto Aragon Equipos 2025 - Preferente"]
[Site "Aragon"]
[Date "2025.01.25"]
[Round "1.47"]
[White "De La Riva Fernandez, Eduardo"]
[Black "Iglesias Fernandez, Luis"]
[Result "1/2-1/2"]
[WhiteElo "1820"]
[BlackElo "1858"]
[PlyCount "116"]
[GameId "2147807423867888"]
[EventDate "2025.01.25"]
[EventCountry "ESP"]
[WhiteTeam "El Olivar C"]
[BlackTeam "Palacio De Pioneros B"]

1. e4 e6 2. d4 d5 3. Nd2 Nf6 4. e5 Nfd7 5. Bd3 c5 6. c3 Nc6 7. Ne2 Be7 8. O-O O-O 9. Nf3 f6 10. Nf4 Nb6 11. exf6 Bxf6 12. Nh5 e5 13. dxe5 Nxe5 14. Nxf6+ Qxf6 15. Nxe5 Qxe5 16. Qc2 Bf5 17. Bxf5 Qxf5 18. Qxf5 Rxf5 19. Be3 Rc8 20. Rad1 Nc4 21. Bc1 Re8 22. b3 Nd6 23. g4 Rf6 24. Rxd5 Re2 25. Rd2 Rfe6 26. c4 b6 27. Rfd1 Nf7 28. Kf1 Rxd2 29. Rxd2 Ne5 30. h3 Nf3 31. Rd8+ Kf7 32. Be3 Ne5 33. Bf4 Nc6 34. Rd7+ Kf6 35. Rd6 Nb4 36. a4 Nc6 37. Rd7 Re7 38. Rd3 Re4 39. Be3 h6 40. f3 Re6 41. f4 Nb4 42. Rc3 Na2 43. Rd3 Nb4 44. f5 Re4 45. Rd6+ Ke7 46. Re6+ Rxe6 47. fxe6 Nc6 48. Ke2 Na5 49. Bd2 Nxb3 50. Bc3 Nd4+ 51. Kd3 Kxe6 52. Bxd4 cxd4 53. Kxd4 Kd6 54. h4 g6 55. g5 h5 56. Ke4 Ke6 57. Kf4 Kd6 58. Ke4 Ke6 1/2-1/2

[Event "Cto Aragon Equipos 2025 - Preferente"]
[Site "Aragon"]
[Date "2025.01.25"]
[Round "1.48"]
[White "Crespo Laborda, Alberto"]
[Black "Sisas Mainar, Izan"]
[Result "1/2-1/2"]
[WhiteElo "1845"]
[BlackElo "1785"]
[PlyCount "68"]
[GameId "2147807423921137"]
[EventDate "2025.01.25"]
[EventCountry "ESP"]
[WhiteTeam "Palacio De Pioneros B"]
[BlackTeam "El Olivar C"]

1. d4 d5 2. c4 a6 3. Nf3 e6 4. g3 Nf6 5. Bg2 h6 6. O-O Bd6 7. Qc2 O-O 8. Nbd2 Nbd7 9. b3 b6 10. Bb2 Bb7 11. Ne5 Qe7 12. a3 a5 13. cxd5 exd5 14. Ndf3 Rac8 15. Bh3 c5 16. Nxd7 Nxd7 17. Qf5 Rc7 18. Ne5 Bc8 19. Qh5 Nf6 20. Qh4 Bxh3 21. Qxh3 cxd4 22. Ng4 Qe6 23. Nxf6+ Qxf6 24. Qg4 Be5 25. Rad1 Rc2 26. Bxd4 Bxd4 27. Qxd4 Qxd4 28. Rxd4 Rxe2 29. Rxd5 Rb2 30. Rb5 Rc8 31. Rxb6 Rc3 32. Rb5 Rbxb3 33. Rxa5 Rxa3 34. Rxa3 Rxa3 1/2-1/2

[Event "Cto Aragon Equipos 2025 - Preferente"]
[Site "Aragon"]
[Date "2025.01.25"]
[Round "1.49"]
[White "Colon Garcia, Santiago"]
[Black "Sancho Cortes, Miguel Angel"]
[Result "1/2-1/2"]
[WhiteElo "1939"]
[BlackElo "2017"]
[PlyCount "60"]
[GameId "2147807423970290"]
[EventDate "2025.01.25"]
[EventCountry "ESP"]
[WhiteTeam "Marcos Frechin C"]
[BlackTeam "Iberajedrez Mundo 64 B"]

1. d4 Nf6 2. e3 g6 3. Bd3 Bg7 4. f4 c5 5. Nf3 O-O 6. O-O d6 7. Nbd2 cxd4 8. exd4 Nd5 9. Ne4 Nb4 10. Be2 Nd7 11. c3 Nd5 12. Ng3 e6 13. h4 h5 14. Ng5 N7f6 15. Qd3 Ne7 16. N3e4 Nxe4 17. Qxe4 Nf5 18. Rf3 d5 19. Qd3 f6 20. Nh3 Qd6 21. g3 e5 22. fxe5 fxe5 23. dxe5 Bxe5 24. Nf4 Nxh4 25. gxh4 Bxf4 26. Rxf4 Rxf4 27. Bxf4 Qxf4 28. Qxg6+ Kh8 29. Qxh5+ Kg7 30. Rf1 Qg3+ 1/2-1/2

[Event "Cto Aragon Equipos 2025 - Preferente"]
[Site "Aragon"]
[Date "2025.01.25"]
[Round "1.50"]
[White "Jimenez Fernandez, Alejandro"]
[Black "Gaspar Calvo, Luis Alberto"]
[Result "1-0"]
[WhiteElo "1956"]
[BlackElo "1901"]
[PlyCount "67"]
[GameId "2147807424027635"]
[EventDate "2025.01.25"]
[EventCountry "ESP"]
[WhiteTeam "Iberajedrez Mundo 64 B"]
[BlackTeam "Marcos Frechin C"]

1. d4 e6 2. c4 f5 3. g3 Nf6 4. Bg2 d5 5. Nf3 Nc6 6. cxd5 exd5 7. Nc3 Bb4 8. O-O O-O 9. Qb3 Bxc3 10. bxc3 Na5 11. Qb4 Nc4 12. Nd2 Nxd2 13. Bxd2 Re8 14. Rfe1 a5 15. Qb3 Ne4 16. Bf4 Ra6 17. f3 a4 18. Qc2 Nf6 19. Rab1 Rae6 20. Qxa4 Rxe2 21. Rxe2 Rxe2 22. Be5 b5 23. Qb3 c6 24. Bf1 Re3 25. Kf2 Rxe5 26. dxe5 Qb6+ 27. Kg2 Nh5 28. c4 dxc4 29. Bxc4+ Kh8 30. Qa3 Qd8 31. Qd6 Qe8 32. Bb3 Nf6 33. Rd1 Nd7 34. e6 1-0

[Event "Cto Aragon Equipos 2025 - Preferente"]
[Site "Aragon"]
[Date "2025.01.25"]
[Round "1.51"]
[White "Torres Ferrandez, Mario"]
[Black "Moreno Burillo, Marcos Antonio"]
[Result "1/2-1/2"]
[WhiteElo "1889"]
[BlackElo "1906"]
[PlyCount "71"]
[GameId "2147807424080884"]
[EventDate "2025.01.25"]
[EventCountry "ESP"]
[WhiteTeam "Marcos Frechin C"]
[BlackTeam "Iberajedrez Mundo 64 B"]

1. d4 f5 2. Bf4 d6 3. e3 Nf6 4. c4 g6 5. Nc3 Bg7 6. Bd3 Nc6 7. Nf3 O-O 8. O-O Qe8 9. d5 Nd8 10. Bg5 e5 11. e4 f4 12. Nd2 Nf7 13. Bxf6 Bxf6 14. f3 g5 15. b4 h5 16. c5 g4 17. Kf2 Qe7 18. Nb3 Ng5 19. Be2 a5 20. cxd6 Qxd6 21. bxa5 Rxa5 22. fxg4 Qb6+ 23. Ke1 Bxg4 24. Nxa5 f3 25. gxf3 Nxf3+ 26. Rxf3 Bxf3 27. Nc4 Qc5 28. Kd2 Bg5+ 29. Kc2 Bxe2 30. Qg1 Qxc4 31. Qxg5+ Kf7 32. Qxe5 Rg8 33. Qe6+ Kf8 34. Qf6+ Ke8 35. Qe6+ Kf8 36. Qf6+ 1/2-1/2

[Event "Cto Aragon Equipos 2025 - Preferente"]
[Site "Aragon"]
[Date "2025.01.25"]
[Round "1.52"]
[White "Barranco Castillo, Jose Antonio"]
[Black "Celorrio De Pablo, Ricardo"]
[Result "1/2-1/2"]
[WhiteElo "1828"]
[BlackElo "1814"]
[PlyCount "99"]
[GameId "2147807424130037"]
[EventDate "2025.01.25"]
[EventCountry "ESP"]
[WhiteTeam "Iberajedrez Mundo 64 B"]
[BlackTeam "Marcos Frechin C"]

1. c4 d6 2. g3 c6 3. Bg2 e5 4. Nc3 Nf6 5. e4 Be7 6. Nge2 Be6 7. d3 Qd7 8. a3 d5 9. f4 d4 10. fxe5 Ng4 11. Nxd4 Nxe5 12. Nxe6 Nxd3+ 13. Kf1 fxe6 14. Ke2 Nxc1+ 15. Rxc1 Qc7 16. Qd3 Nd7 17. Rhf1 O-O-O 18. Qe3 h6 19. Nb5 Qa5 20. Qc3 Qb6 21. Rf7 Rhf8 22. Rcf1 Rxf7 23. Rxf7 Qc5 24. Nd4 Bf6 25. Rxf6 Nxf6 26. Nxe6 Qg1 27. Bf3 Rd1 28. Nxg7 Qf1+ 29. Ke3 Qe1+ 30. Qxe1 Rxe1+ 31. Kd4 Rf1 32. Ke3 Nd7 33. Bg4 Kc7 34. Ne8+ Kd8 35. Nd6 b6 36. Nf5 Ne5 37. Be2 Re1 38. Kd2 Rb1 39. Kc3 c5 40. Nxh6 Rh1 41. h4 Rh2 42. Bd1 Rh1 43. Bh5 Re1 44. Bf7 Rxe4 45. Bd5 Re3+ 46. Kd2 Rxg3 47. Nf5 Rh3 48. b3 Nf3+ 49. Bxf3 Rxf3 50. Ne3 1/2-1/2

[Event "Cto Aragon Equipos 2025 - Preferente"]
[Site "Aragon"]
[Date "2025.01.25"]
[Round "1.53"]
[White "Fernandez Rubio, Rafael"]
[Black "Carruez Berges, Santiago"]
[Result "1/2-1/2"]
[WhiteElo "2048"]
[BlackElo "1910"]
[PlyCount "66"]
[GameId "2147807424179190"]
[EventDate "2025.01.25"]
[EventCountry "ESP"]
[WhiteTeam "Tauste"]
[BlackTeam "Agrupacion B"]

1. Nf3 Nf6 2. g3 g6 3. Bg2 Bg7 4. O-O O-O 5. d4 d6 6. Re1 Nbd7 7. e4 e5 8. dxe5 Nxe5 9. Nxe5 dxe5 10. Nc3 c6 11. Be3 Qe7 12. f3 Be6 13. Qe2 Rfd8 14. a3 Nd7 15. Qf2 b6 16. Rad1 Bf8 17. Nd5 cxd5 18. exd5 Nc5 19. dxe6 Nxe6 20. f4 exf4 21. Bxf4 Rxd1 22. Rxd1 Nxf4 23. Qxf4 Re8 24. Kh1 Qe5 25. Qc4 Qe2 26. Qd5 Qxc2 27. Rf1 Re7 28. b3 Rc7 29. Qd8 Re7 30. Qd5 Qe2 31. a4 Qe6 32. Qxe6 Rxe6 33. Bd5 Re7 1/2-1/2

[Event "Cto Aragon Equipos 2025 - Preferente"]
[Site "Aragon"]
[Date "2025.01.25"]
[Round "1.54"]
[White "Guerra Perez, Rafael"]
[Black "Muro Turon, Raul"]
[Result "0-1"]
[WhiteElo "1848"]
[BlackElo "1879"]
[PlyCount "94"]
[GameId "2147807424252919"]
[EventDate "2025.01.25"]
[EventCountry "ESP"]
[WhiteTeam "Agrupacion B"]
[BlackTeam "Tauste"]

1. d4 Nf6 2. Bf4 g6 3. e3 Bg7 4. Nf3 O-O 5. Nbd2 d6 6. h3 c6 7. Be2 Nfd7 8. O-O e5 9. Bg3 Qc7 10. c3 Re8 11. e4 b6 12. Re1 Bb7 13. Qb3 h6 14. Bc4 Re7 15. Nh4 Nf8 16. Ndf3 Nbd7 17. Rad1 b5 18. Bd3 a6 19. Bb1 c5 20. Rd2 Ne6 21. dxe5 dxe5 22. Red1 c4 23. Qb4 Ndc5 24. Rd5 Bxd5 25. exd5 Rd8 26. Bc2 Nf4 27. Bxf4 exf4 28. Nxg6 fxg6 29. Bxg6 Qd6 30. Nh4 Re5 31. Bc2 Rxd5 32. Re1 Nd3 33. Qxd6 R8xd6 34. Re8+ Kf7 35. Ra8 Re5 36. b3 Bf6 37. Ra7+ Be7 38. bxc4 bxc4 39. Nf3 Re2 40. Nd4 Rxd4 41. cxd4 Rxc2 42. d5 Ke8 43. Ra8+ Kd7 44. Rxa6 Bc5 45. Rxh6 Bxf2+ 46. Kf1 Bg3 47. Rc6 Nb4 0-1

[Event "Cto Aragon Equipos 2025 - Preferente"]
[Site "Aragon"]
[Date "2025.01.25"]
[Round "1.55"]
[White "San Lazaro Lorente, David"]
[Black "Palasi Mainar, Miguel Angel"]
[Result "1-0"]
[WhiteElo "1825"]
[BlackElo "1846"]
[PlyCount "85"]
[GameId "2147807424359416"]
[EventDate "2025.01.25"]
[EventCountry "ESP"]
[WhiteTeam "Tauste"]
[BlackTeam "Agrupacion B"]

1. d4 Nf6 2. c4 g6 3. Nc3 Bg7 4. e4 d6 5. Nf3 O-O 6. Be2 e5 7. d5 a5 8. Be3 Na6 9. Nd2 Nc5 10. g4 Ne8 11. h4 f5 12. gxf5 gxf5 13. Bxc5 dxc5 14. exf5 Bxf5 15. Nde4 Nd6 16. Nxc5 Qe7 17. Ne6 Bxe6 18. dxe6 Qxe6 19. Qd5 Qxd5 20. Nxd5 Rf7 21. Bh5 Rff8 22. Rg1 Kh8 23. Nxc7 Nxc4 24. Nxa8 Rxa8 25. b3 Nb2 26. Be2 e4 27. Rc1 Bh6 28. Rc2 Nd3+ 29. Bxd3 exd3 30. Rc4 Rf8 31. Rg3 Re8+ 32. Kd1 d2 33. f4 Rf8 34. Rf3 Rd8 35. Rf2 Kg8 36. Rxd2 Rf8 37. Rg2+ Kh8 38. Rf2 Rf5 39. Ke2 Bf8 40. Kf3 b6 41. Rg2 Bc5 42. Re4 h5 43. Rg5 1-0

[Event "Cto Aragon Equipos 2025 - Preferente"]
[Site "Aragon"]
[Date "2025.01.25"]
[Round "1.56"]
[White "Casasnovas Sanchez, Raul"]
[Black "Solanas Esteban, Hector"]
[Result "1-0"]
[WhiteElo "1810"]
[BlackElo "1793"]
[PlyCount "86"]
[GameId "2147807424408569"]
[EventDate "2025.01.25"]
[EventCountry "ESP"]
[WhiteTeam "Agrupacion B"]
[BlackTeam "Tauste"]

1. d4 Nf6 2. Nc3 d5 3. Bf4 c6 4. e3 Bf5 5. f3 e6 6. g4 Bg6 7. h4 h5 8. g5 Ng8 9. Bd3 Bxd3 10. Qxd3 Bd6 11. Nge2 Ne7 12. O-O-O Qc7 13. Bxd6 Qxd6 14. e4 Nd7 15. Kb1 g6 16. Na4 b5 17. Nac3 a6 18. Qe3 Nb6 19. Qf4 Qd7 20. Qf6 O-O 21. Ng3 Qe8 22. Nce2 Nd7 23. Qf4 Qb8 24. Qe3 a5 25. Nf4 e5 26. Nfxh5 gxh5 27. Nxh5 exd4 28. Qxd4 Qe5 29. Nf6+ Kg7 30. Nxd7 Qxd4 31. Rxd4 Rfd8 32. Nf6 c5 33. Rdd1 d4 34. Kc1 Nc6 35. f4 Ne7 36. h5 Ng8 37. h6+ Kh8 38. Ng4 c4 39. Ne5 Kh7 40. Nxf7 Rd7 41. Ne5 Rd6 42. f5 Re8 43. g6+ Kh8 1-0

[Event "Cto Aragon Equipos 2025 - Preferente"]
[Site "Aragon"]
[Date "2025.01.25"]
[Round "1.57"]
[White "Lopez Micone, Nicolas"]
[Black "Romo Ramirez, Antonio"]
[Result "1/2-1/2"]
[WhiteElo "1825"]
[BlackElo "1986"]
[PlyCount "72"]
[GameId "2147807424470010"]
[EventDate "2025.01.25"]
[EventCountry "ESP"]
[WhiteTeam "Iberajedrez Mundo 64 C"]
[BlackTeam "Teruel B"]

1. c4 g6 2. Nc3 Bg7 3. g3 d6 4. Bg2 c6 5. Nf3 Nf6 6. d4 O-O 7. O-O Qc7 8. Qb3 Nbd7 9. e4 e5 10. d5 Nc5 11. Qc2 a5 12. b3 Ng4 13. h3 Nh6 14. Be3 Nd7 15. Rad1 f5 16. Qd2 f4 17. gxf4 exf4 18. Bxf4 Bxc3 19. Qxc3 Rxf4 20. Qd2 Rxe4 21. Qxh6 Re7 22. Rfe1 Nf8 23. Qg5 Rxe1+ 24. Rxe1 Bd7 25. Re7 Re8 26. Nd4 Qd8 27. dxc6 Qxe7 28. cxd7 Nxd7 29. Bd5+ Kh8 30. Qf4 Qe1+ 31. Kg2 Qe5 32. Qd2 Nc5 33. Nf3 Qe2 34. Qd4+ Re5 35. Nxe5 Qxe5 36. Qg4 Qf5 1/2-1/2

[Event "Cto Aragon Equipos 2025 - Preferente"]
[Site "Aragon"]
[Date "2025.01.25"]
[Round "1.58"]
[White "Abancens Fernandez, Bernardo"]
[Black "Fuentes Garces, Pedro Jon"]
[Result "1/2-1/2"]
[WhiteElo "1862"]
[BlackElo "1813"]
[PlyCount "72"]
[GameId "2147807424531451"]
[EventDate "2025.01.25"]
[EventCountry "ESP"]
[WhiteTeam "Teruel B"]
[BlackTeam "Iberajedrez Mundo 64 C"]

1. b3 d5 2. Bb2 c5 3. Nf3 f6 4. e3 e5 5. d4 cxd4 6. exd4 e4 7. Nfd2 Nc6 8. a3 f5 9. c4 Be6 10. cxd5 Bxd5 11. Nc4 Nf6 12. Be2 Be7 13. Nbd2 f4 14. O-O O-O 15. Ne5 Kh8 16. Bc4 Rc8 17. Re1 Bxc4 18. Ndxc4 Qd5 19. Ng4 Nxg4 20. Qxg4 b5 21. Nd2 Bf6 22. Nxe4 Bxd4 23. Rad1 Rcd8 24. Ng5 Qxb3 25. Bxd4 Nxd4 26. Qh5 Qg8 27. Re4 g6 28. Qg4 h5 29. Qh3 Ne2+ 30. Kf1 Rxd1+ 31. Kxe2 Rfd8 32. Qc3+ Qg7 33. Nf7+ Kg8 34. Qxg7+ Kxg7 35. Nxd8 Rxd8 36. Re7+ Kf6 1/2-1/2

[Event "Cto Aragon Equipos 2025 - Preferente"]
[Site "Aragon"]
[Date "2025.01.25"]
[Round "1.59"]
[White "Martinez Sanz, Pablo"]
[Black "Barcena Laguia, Francisco"]
[Result "0-1"]
[WhiteElo "1784"]
[BlackElo "1859"]
[PlyCount "72"]
[GameId "2147807424670716"]
[EventDate "2025.01.25"]
[EventCountry "ESP"]
[WhiteTeam "Iberajedrez Mundo 64 C"]
[BlackTeam "Teruel B"]

1. c4 Nf6 2. Nc3 c5 3. g3 Nc6 4. Bg2 g6 5. e4 d6 6. Nge2 Bg7 7. O-O O-O 8. a3 Bd7 9. Rb1 Qc8 10. Re1 Nd4 11. Nf4 e5 12. Nfd5 Re8 13. d3 Be6 14. Be3 Nxd5 15. Nxd5 Bxd5 16. exd5 Nf5 17. Bd2 a5 18. b4 axb4 19. axb4 b6 20. Bc3 Qc7 21. Bh3 Nd4 22. bxc5 bxc5 23. Bxd4 cxd4 24. Qc2 Ra3 25. Rb5 Rc3 26. Qb1 Ra8 27. Rb7 Qa5 28. Rd7 Rb3 29. Qxb3 Qxe1+ 30. Kg2 Ra1 31. Kf3 f5 32. Rd8+ Bf8 33. Re8 Qh1+ 34. Ke2 Rb1 35. Qc2 e4 36. dxe4 fxe4 0-1

[Event "Cto Aragon Equipos 2025 - Preferente"]
[Site "Aragon"]
[Date "2025.01.25"]
[Round "1.60"]
[White "Martin Lafuente, Jorge Abel"]
[Black "Castro Rodriguez, Daniel"]
[Result "1-0"]
[WhiteElo "1635"]
[BlackElo "1723"]
[PlyCount "67"]
[GameId "2147807424744445"]
[EventDate "2025.01.25"]
[EventCountry "ESP"]
[WhiteTeam "Teruel B"]
[BlackTeam "Iberajedrez Mundo 64 C"]

1. c4 Nf6 2. Nc3 g6 3. g3 Bg7 4. Bg2 d6 5. Nf3 O-O 6. O-O c5 7. d4 cxd4 8. Nxd4 Nc6 9. Nxc6 bxc6 10. Bxc6 Rb8 11. Rb1 Bh3 12. Bg2 Bxg2 13. Kxg2 Qc7 14. b3 Rfc8 15. Bf4 Nh5 16. Bd2 Qb7+ 17. Kg1 Nf6 18. Bg5 Ne4 19. Nxe4 Qxe4 20. Qd3 Qb7 21. Be3 Qa6 22. Qd2 Rb7 23. Rfc1 Rbc7 24. Rc2 Qb7 25. Bd4 Rxc4 26. Rxc4 Rxc4 27. Bxa7 Ra4 28. Be3 Ra6 29. Rc1 Rc6 30. Rxc6 Qxc6 31. Qc1 Qc3 32. Qxc3 Bxc3 33. a4 e5 34. Bb6 1-0

[Event "Cto Aragon Equipos 2025 - Preferente"]
[Site "Aragon"]
[Date "2025.01.25"]
[Round "1.61"]
[White "Malo Guillen, Jose Luis"]
[Black "Muro Guerrero, Miguel"]
[Result "1-0"]
[WhiteElo "2093"]
[BlackElo "2056"]
[PlyCount "55"]
[GameId "2147807424797694"]
[EventDate "2025.01.25"]
[EventCountry "ESP"]
[WhiteTeam "Las Fuentes"]
[BlackTeam "Dr. Azua"]

1. d4 d5 2. c4 e6 3. Nf3 Nf6 4. Nc3 a6 5. Bg5 dxc4 6. e3 b5 7. a4 c6 8. axb5 cxb5 9. Bxf6 gxf6 10. Nxb5 axb5 11. Rxa8 Bb4+ 12. Nd2 Bb7 13. Ra1 e5 14. Qh5 Nc6 15. Rd1 Na5 16. Ke2 Nb3 17. Nxb3 cxb3 18. f3 Qc8 19. Kf2 Qc2+ 20. Be2 Qxb2 21. Rb1 Qa2 22. dxe5 Rg8 23. Qf5 Bc3 24. Qd3 Bc6 25. Rhd1 Qa5 26. exf6 Be5 27. Rbc1 Qc7 28. Rxc6 1-0

[Event "Cto Aragon Equipos 2025 - Preferente"]
[Site "Aragon"]
[Date "2025.01.25"]
[Round "1.62"]
[White "Garcia Garcia, Enrique"]
[Black "Alonso Blasco, Jose Miguel"]
[Result "1/2-1/2"]
[WhiteElo "1881"]
[BlackElo "1938"]
[PlyCount "62"]
[GameId "2147807424908287"]
[EventDate "2025.01.25"]
[EventCountry "ESP"]
[WhiteTeam "Dr. Azua"]
[BlackTeam "Las Fuentes"]

1. e4 c6 2. d4 d5 3. exd5 cxd5 4. c4 Nf6 5. Nc3 e6 6. Nf3 Bb4 7. cxd5 exd5 8. Bb5+ Bd7 9. Qe2+ Ne4 10. O-O Bxc3 11. bxc3 O-O 12. Bxd7 Nxd7 13. c4 Re8 14. Be3 dxc4 15. Qxc4 Nb6 16. Qb3 Qd5 17. Rab1 Qxb3 18. Rxb3 Re7 19. Rfb1 Rc8 20. d5 Nxd5 21. Bxa7 f6 22. g3 Nec3 23. R1b2 Ra8 24. Bd4 Nxa2 25. Rxb7 Rxb7 26. Rxb7 Nac3 27. Kg2 Rd8 28. h4 h5 29. Bxc3 Nxc3 30. Rc7 Ne4 31. Rc4 Nd2 1/2-1/2

[Event "Cto Aragon Equipos 2025 - Preferente"]
[Site "Aragon"]
[Date "2025.01.25"]
[Round "1.63"]
[White "Mombiela De Sus, Jose Luis"]
[Black "Cajo Esteban, Ruben"]
[Result "1-0"]
[WhiteElo "1918"]
[BlackElo "1867"]
[PlyCount "61"]
[GameId "2147807424961536"]
[EventDate "2025.01.25"]
[EventCountry "ESP"]
[WhiteTeam "Las Fuentes"]
[BlackTeam "Dr. Azua"]

1. Nf3 e6 2. g3 d5 3. Bg2 g6 4. O-O Bg7 5. c4 c5 6. d4 Nf6 7. dxc5 Qa5 8. Be3 O-O 9. a3 dxc4 10. Qc1 Ng4 11. Bd2 Qb5 12. Bc3 Na6 13. Bxg7 Kxg7 14. Qc3+ f6 15. Nd4 Qxc5 16. Bxb7 Qh5 17. h4 Bxb7 18. Nxe6+ Kg8 19. Nxf8 Kxf8 20. Nd2 Ne5 21. f3 g5 22. hxg5 Qh3 23. Rf2 Ng4 24. Rg2 Re8 25. Nf1 fxg5 26. Qh8+ Kf7 27. Qc3 Bd5 28. Rd1 Nf6 29. Ne3 Be6 30. Nxc4 Rc8 31. Nd6+ 1-0

[Event "Cto Aragon Equipos 2025 - Preferente"]
[Site "Aragon"]
[Date "2025.01.25"]
[Round "1.64"]
[White "Abenia Porroche, Roberto"]
[Black "Artal Alegria, Francisco Javier"]
[Result "0-1"]
[WhiteElo "1811"]
[BlackElo "1876"]
[PlyCount "90"]
[GameId "2147807425014785"]
[EventDate "2025.01.25"]
[EventCountry "ESP"]
[WhiteTeam "Dr. Azua"]
[BlackTeam "Las Fuentes"]

1. Nf3 b6 2. d4 Bb7 3. g3 g6 4. Bg2 Bg7 5. O-O Nf6 6. c3 O-O 7. Nbd2 d6 8. Qc2 Nbd7 9. e4 e5 10. d5 a5 11. b4 Qe7 12. b5 Nc5 13. a4 Rae8 14. Ba3 Nfd7 15. Bxc5 Nxc5 16. Nb3 Nxb3 17. Qxb3 f5 18. Nd2 f4 19. c4 Bc8 20. h3 h5 21. Qd3 g5 22. Qe2 g4 23. hxg4 hxg4 24. f3 fxg3 25. fxg4 Qh4 26. Rf5 Bxf5 27. gxf5 Bh6 28. Nf3 Qf4 29. Rd1 Kg7 30. Qe1 Kf6 31. Qd2 Rh8 32. Qxf4 Bxf4 33. Re1 Reg8 34. Kf1 Rg4 35. Kg1 Bh6 36. Kf1 Rf4 37. Re3 Rxf5 38. Re1 Rf4 39. Kg1 Rf8 40. Re3 Kg6 41. Kf1 Kh5 42. Ke2 Kg4 43. Bh1 Kh3 44. Kf1 g2+ 45. Bxg2+ Kg3 0-1

[Event "Cto Aragon Equipos 2025 - Preferente"]
[Site "Aragon"]
[Date "2025.01.25"]
[Round "1.65"]
[White "Hernando Garcia, Antonio"]
[Black "Chueca Lorente, Javier"]
[Result "1-0"]
[WhiteElo "2045"]
[BlackElo "2180"]
[PlyCount "77"]
[GameId "2147807425063938"]
[EventDate "2025.01.25"]
[EventCountry "ESP"]
[WhiteTeam "El Olivar B"]
[BlackTeam "MyInvestor Casablanca C"]

1. c4 c5 2. Nc3 g6 3. g3 Bg7 4. Bg2 Nc6 5. Nf3 Nh6 6. O-O Nf5 7. d3 O-O 8. Bd2 d6 9. Rb1 Rb8 10. a3 a5 11. Ne1 Bd7 12. Nc2 Ncd4 13. b4 axb4 14. axb4 Nxc2 15. Qxc2 Nd4 16. Qd1 Bc6 17. bxc5 dxc5 18. Bxc6 bxc6 19. Rxb8 Qxb8 20. Ne4 Qb2 21. Nxc5 Ra8 22. e3 Qxd2 23. exd4 Qc3 24. Qf3 Bxd4 25. Qxc6 Rd8 26. Qc7 Ra8 27. Qc6 Qa3 28. Ne4 h5 29. Qd5 e5 30. Ng5 Ra7 31. Nf3 Qxd3 32. Nxe5 Qc3 33. Nc6 Bb6 34. Nxa7 Bxa7 35. Qa8+ Kg7 36. Qxa7 Qxc4 37. Qa1+ Kh7 38. Qf6 Qd5 39. h4 1-0

[Event "Cto Aragon Equipos 2025 - Preferente"]
[Site "Aragon"]
[Date "2025.01.25"]
[Round "1.66"]
[White "Cebollada Pacheco, Jesus Raul"]
[Black "Gracia Campo, Carlos Alberto"]
[Result "1-0"]
[WhiteElo "1942"]
[BlackElo "2011"]
[PlyCount "63"]
[GameId "2147807425121283"]
[EventDate "2025.01.25"]
[EventCountry "ESP"]
[WhiteTeam "MyInvestor Casablanca C"]
[BlackTeam "El Olivar B"]

1. e4 d6 2. d4 Nf6 3. Nc3 g6 4. Be3 Bg7 5. Qd2 O-O 6. O-O-O c6 7. f3 b5 8. Bh6 a5 9. h4 a4 10. h5 b4 11. Nce2 Qa5 12. Bxg7 Kxg7 13. hxg6 fxg6 14. Qh6+ Kf7 15. Nh3 Bxh3 16. Rxh3 b3 17. a3 bxc2 18. Rd2 Nbd7 19. Nc3 Rfb8 20. Rxc2 Nf8 21. Bc4+ d5 22. Ba2 e6 23. Qf4 Ke7 24. g4 Rd8 25. g5 Nh5 26. Rxh5 gxh5 27. exd5 cxd5 28. Qe5 Ra7 29. Bxd5 Rad7 30. Qf6+ Kd6 31. Ne4+ Kxd5 32. Qe5# 1-0

[Event "Cto Aragon Equipos 2025 - Preferente"]
[Site "Aragon"]
[Date "2025.01.25"]
[Round "1.67"]
[White "Veras Sanz, Marino"]
[Black "Alvarez Gonzalo, Miguel Angel"]
[Result "1-0"]
[WhiteElo "2004"]
[BlackElo "1808"]
[PlyCount "91"]
[GameId "2147807425186820"]
[EventDate "2025.01.25"]
[EventCountry "ESP"]
[WhiteTeam "El Olivar B"]
[BlackTeam "MyInvestor Casablanca C"]

1. d4 Nf6 2. Nf3 e6 3. g3 b6 4. Bg2 Bb7 5. O-O c5 6. c4 cxd4 7. Nxd4 Bxg2 8. Kxg2 Be7 9. Nc3 a6 10. e4 Qc7 11. Qe2 d6 12. h4 Nbd7 13. Bg5 Rc8 14. b3 Qb7 15. Rac1 h6 16. Bxf6 Bxf6 17. Rfd1 Nc5 18. f4 O-O 19. Qf3 Rfd8 20. Nde2 b5 21. cxb5 axb5 22. e5 Qxf3+ 23. Kxf3 dxe5 24. Nxb5 e4+ 25. Ke3 Rxd1 26. Rxd1 Rb8 27. Nd6 Rd8 28. Rd2 Be7 29. Nxe4 Rxd2 30. Nxd2 g5 31. Nf3 g4 32. Ne5 h5 33. Kd4 f6 34. Nd3 Na6 35. Nc3 Kf7 36. Kc4 Nc7 37. b4 Ke8 38. b5 Kd8 39. a4 Kc8 40. Nc5 Na8 41. a5 e5 42. fxe5 fxe5 43. b6 Nxb6+ 44. axb6 Bd6 45. N3e4 Bb8 46. Kd5 1-0

[Event "Cto Aragon Equipos 2025 - Preferente"]
[Site "Aragon"]
[Date "2025.01.25"]
[Round "1.68"]
[White "Sese Serrano, Isaac"]
[Black "Jaso Escudero, Julen"]
[Result "0-1"]
[WhiteElo "1661"]
[BlackElo "1925"]
[PlyCount "72"]
[GameId "2147807425240069"]
[EventDate "2025.01.25"]
[EventCountry "ESP"]
[WhiteTeam "MyInvestor Casablanca C"]
[BlackTeam "El Olivar B"]

1. d4 d5 2. Bf4 Nf6 3. e3 c5 4. Nf3 Nc6 5. c3 Bg4 6. Nbd2 e6 7. Bd3 Bd6 8. Bg3 O-O 9. b3 cxd4 10. exd4 Rc8 11. Rc1 Re8 12. Bxd6 Qxd6 13. O-O Rc7 14. h3 Bh5 15. Be2 Rec8 16. Re1 Nb4 17. a3 Na2 18. c4 Nxc1 19. Qxc1 b6 20. Qb2 Ne4 21. Nxe4 dxe4 22. Ne5 Bxe2 23. Rxe2 f6 24. Ng4 h5 25. Ne3 f5 26. b4 Rd8 27. Rd2 f4 28. c5 bxc5 29. bxc5 Rxc5 30. Nc2 Rcc8 31. Qb7 Qc6 32. Qxa7 Qc3 33. Re2 Qd3 34. d5 exd5 35. Nd4 Rc1+ 36. Kh2 Qd1 0-1